000 00622nam a2200229Ia 4500
003 OSt
005 20220928123919.0
006 a|||||r|||| 00| 0
007 ta
008 220927b |||||||| |||| 00| 0 eng d
024 _a95401
037 _cTextual
040 _aSDCL
_cSDCL
_beng
041 _2eng
_aeng
082 _aY73(JB).2'M, N9
100 _aGuha `Sumit
245 0 _aEnvironment and ethnicity in India,1200-1991.
260 _aCambridge
_bCambridge University Press
_c1999
300 _axv,217p
_ccm.
942 _hY73(JB).2'M, N9
_cTEXL
_2CC
999 _c775185
_d775185